| 000 | 00386nam a22001457a 4500 | ||
|---|---|---|---|
| 020 | _a0951321110 | ||
| 082 |
_a281.4 _bROS |
||
| 100 | _aRosmini, Antonio | ||
| 245 |
_aConscience / _cAntonio Rosmini, translated by Denis Cleary and Terence Watson |
||
| 260 |
_aUK: _bRosmini House, _c1989 |
||
| 300 | _a438 p. | ||
| 563 | _aPBK | ||
| 650 |
_aConscience _992056 |
||
| 942 |
_2ddc _cBK |
||
| 999 |
_c590150 _d590150 |
||